Vista normal Vista MARC

Entrada Materia (personas)

Número de registros utilizados en: 1

001 - CONTROL NUMBER

  • control field: 65340

003 - CONTROL NUMBER IDENTIFIER

  • control field: Co-BoUCM

005 - DATE AND TIME OF LATEST TRANSACTION

  • control field: 20141017080008.0

008 - FIXED-LENGTH DATA ELEMENTS

  • fixed length control field: 141017|| aca||aabn | a|a d

040 ## - CATALOGING SOURCE

  • Original cataloging agency: Co-BoUCM
  • Transcribing agency: Co-BoUCM

100 ## - HEADING--PERSONAL NAME

  • Personal name: Gentilis Fulginas
  • Dates associated with a name: d. 1348

670 ## - SOURCE DATA FOUND

  • Source citation: Work cat.: (Co-BoUCM)39623: Gentilis Fulginas d. 1348, Primus qui. Canon Avicene medicorum principis canonum liber: una cum lucidissima Gentilis Fulgi. Expositione: qui merito est Speculator appellatus. Addistis annotationisbus oium auctoritatum et priscor. Et recentior. Auctor.: propriis locis (propia eorum cap. vel comenta: pulchro etiam indice exornatus: qui cum capitulorum numerum: dubiorum ordinem ostendit, 1520